000 00723nam a22001937a 4500
003 BUBTL
008 190407b xxu||||| |||| 00| 0 eng d
020 _a984-18-0029-2
082 _a891.443 / BAP
100 _92268
_aবন্দ্যোপাধ্যায়, মানিক
245 _aপাদ্মা নদীর মাঝি /
_cমানিক বন্দ্যোপাধ্যায়
250 _a4th ed.
260 _aঢাকা :
_bবিশ্বসাহিত্য কেন্দ্র,
_cc2012.
300 _a103 p. :
_c22 cm.
650 0 _91691
_aবাংলা সাহিত্য
856 _k0
_l0
_yDownload
942 _2ddc
_cBK
999 _c5963
_d5963